Guess the Wands - Harry Potter (easy) - Statistics

General Stats
  • This quiz has been taken 82 times
  • The average score is 10 of 15
Answer Stats
Picture Answer % Correct
Albus Dumbledore
97%
Voldemort
96%
Rubeus Hagrid
85%
Lucius Malfoy
84%
Bellatrix Lestrange
81%
Draco Malfoy
74%
Harry Potter
74%
Hermione Granger
69%
Ron Weasley
63%
Dolores Umbridge
59%
Severus Snape
56%
Sirius Black
50%
Horace Slughorn
41%
Alastor Mad-Eye Moody
35%
Peter Pettigrew
28%
No matching quizzes found
Score Distribution
Percent of People with Each Score
Percentile by Number Answered
Your Score History
You have not taken this quiz